El sendero de los nidos de araña

Gardado en:
Detalles Bibliográficos
Autor Principal: Calvino, Italo (Author)
Formato: Libro
Idioma:Lingua castelá
Publicado: Barcelona Tusquets 1991
Edición:2a. ed
Series:Colección Andanzas, 172
Subjects:
Tags: Engadir etiqueta
Sen Etiquetas, Sexa o primeiro en etiquetar este rexistro!

MARC

LEADER 00000nam a2200000 a 4500
001 UCX4490
003 CL-VaPUC
008 920520e19910000SP |||||||||||||||||spa|d
082 0 4 |a 853  |b CAL  |2 21 
100 0 |a Calvino, Italo  |e author  |9 320667 
245 1 3 |a El sendero de los nidos de araña 
250 |a 2a. ed 
300 |a 230 p 
942 |c BK 
945 |d 19920520 00:00:00 
260 |a Barcelona  |b Tusquets  |c 1991 
650 0 |a Novela italiana  |9 265740 
583 |a last modification  |c 19920520 00:00:00  |k Rodrigo Vera 
490 0 |a Colección Andanzas, 172 
999 |c 224933  |d 224931 
952 |0 0  |1 0  |4 0  |6 853_000000000000000_CAL_1991  |7 0  |8 A  |9 222030  |a BIBEDU  |b BIBEDU  |d 2019-11-15  |i 2908778  |o 853 CAL 1991  |p 2908778  |r 2019-11-15  |w 2019-11-15  |y BK  |k LIT